000 00319nam a22001337a 4500
008 250801b |||||||| |||| 00| 0 eng d
020 _a9780750684538
050 _aHE179.5
_b.B85
100 _aBULL Richard
245 _aFinancial Ratios
260 _aOxford
_bCIMA Publishing
_c2008
300 _axi, 167p.
942 _cBK
999 _c4415
_d4415